000 00319nam a2200133Ia 4500
008 250520s9999 xx 000 0 und d
020 _a9789350293997
100 _aCAMPANA, JOSEPH
245 0 _aDHARAVI THE CITY WITHIN
260 _bNOIDA, HARPER COLLINS
_c2013
300 _a316
650 _aGeneral
942 _cBK
999 _c221286
_d221286